[Event "Hastings Masters"]
[Site "Hastings"]
[Date "2024.01.03"]
[Round "7.8"]
[White "Waldhausen Gordon, Frederick"]
[Black "Ghasi, Ameet K"]
[Result "0-1"]
[WhiteElo "2338"]
[BlackElo "2509"]
[PlyCount "118"]
[EventDate "2023.12.28"]
[EventType "swiss"]
[EventRounds "9"]
[EventCountry "ENG"]
[SourceTitle "BritBase"]
[Source "John Saunders"]
[SourceDate "2024.01.08"]
[SourceVersion "1"]
[SourceVersionDate "2024.01.08"]
[SourceQuality "1"]

1. d4 Nf6 2. c4 g6 3. Nc3 Bg7 4. e4 d6 5. Nf3 O-O 6. Be2 Nbd7 7. O-O e5 8. Be3
Qe7 9. d5 Ng4 10. Bg5 f6 11. Bh4 Nh6 12. Qd2 a5 13. Bd1 Nc5 14. Bc2 Nf7 15. Qe2
Bg4 16. h3 Bd7 17. Nd2 Bh6 18. b3 Bg5 19. Bg3 Bf4 20. a3 Ng5 21. Rae1 Qg7 22.
b4 axb4 23. axb4 Na6 24. Rb1 f5 25. h4 Nf7 26. exf5 Bxd2 27. Qxd2 gxf5 28. Bd3
Kh8 29. Bh2 Rg8 30. f3 Qf6 31. Qc2 Rg7 32. Kh1 Rag8 33. g3 Rxg3 34. Bxg3 Rxg3
35. Qh2 Rg6 36. Nd1 Rh6 37. h5 Ng5 38. f4 exf4 39. Rxf4 Qe5 40. Be2 Ne4 41. Rb3
c6 42. Qh4 cxd5 43. cxd5 Nc7 44. Qd8+ Ne8 45. Qxd7 N4f6 46. Qf7 Qxe2 47. Qf8+
Ng8 48. Nf2 Rf6 49. Qxf6+ Nexf6 50. Rxf5 Qf1+ 51. Kh2 Ng4+ 52. Nxg4 Qxf5 53.
Ne3 Qxh5+ 54. Kg3 Nf6 55. Kf4 Qe5+ 56. Kf3 Nxd5 57. Rd3 Qf4+ 58. Ke2 Nxe3 59.
Rxe3 Qxb4 0-1

[Event "Hastings Masters"]
[Site "Hastings"]
[Date "2024.01.04"]
[Round "8.1"]
[White "Jacobson, Brandon"]
[Black "Zhang, Pengxiang"]
[Result "1/2-1/2"]
[WhiteElo "2538"]
[BlackElo "2558"]
[PlyCount "196"]
[EventDate "2023.12.28"]
[EventType "swiss"]
[EventRounds "9"]
[EventCountry "ENG"]
[SourceTitle "BritBase"]
[Source "John Saunders"]
[SourceDate "2024.01.08"]
[SourceVersion "1"]
[SourceVersionDate "2024.01.08"]
[SourceQuality "1"]

1. d4 Nf6 2. c4 g6 3. Nc3 d5 4. cxd5 Nxd5 5. e4 Nxc3 6. bxc3 Bg7 7. Nf3 c5 8.
h3 O-O 9. Be2 cxd4 10. cxd4 Nc6 11. Be3 Qa5+ 12. Bd2 Qa3 13. d5 Ne5 14. Rb1 Bd7
15. Nxe5 Bxe5 16. Rxb7 Ba4 17. Qc1 Qxa2 18. Bc4 Qc2 19. Qxc2 Bxc2 20. Rxe7 Bf6
21. Rc7 Be5 22. d6 Bxe4 23. O-O Bxd6 24. Rd7 Rad8 25. Bxf7+ Kg7 26. Bc3+ Kh6
27. Rxa7 Bc5 28. Rc7 Bd6 29. Rc4 Rxf7 30. Rxe4 Bc5 31. g3 Rd3 32. Be5 Bd6 33.
Bd4 Re7 34. Rh4+ Kg5 35. Rg4+ Kf5 36. Rb1 Ke6 37. Rb6 Rd7 38. Kg2 Kf7 39. Rh4
Kg8 40. Be3 Rd5 41. Ra6 Be7 42. Re4 Bg5 43. Bb6 Be7 44. Ra8+ Kg7 45. Rc8 Kf7
46. h4 Bd8 47. Be3 Bf6 48. Bc5 Rd8 49. Rc6 Be5 50. Be3 R8d7 51. Bh6 Bg7 52. Bg5
Bd4 53. Rf4+ Kg7 54. Rf3 R5d6 55. Rc8 Bf6 56. Bf4 Rd3 57. Be3 R3d5 58. Bf4 Rd3
59. Rxd3 Rxd3 60. Rc7+ Kg8 61. Bh6 Rd5 62. f4 Rd3 63. Kh3 Bc3 64. Re7 Bf6 65.
Rb7 Rd5 66. Ra7 Rb5 67. Rd7 Ra5 68. Kg4 Rb5 69. Ra7 Rd5 70. Rb7 Ra5 71. Rb3 Kf7
72. Kf3 Rh5 73. Rb7+ Kg8 74. Rb8+ Kf7 75. Rb7+ Kg8 76. Rb8+ Kf7 77. Rf8+ Ke7
78. Rxf6 Rxh6 79. Ra6 Rh5 80. Kg4 Kf7 81. Ra7+ Kf8 82. Kf3 h6 83. Rd7 Ra5 84.
g4 h5 85. g5 Ra4 86. Ke3 Kg8 87. Rd4 Ra1 88. f5 gxf5 89. Kf4 Rf1+ 90. Ke5 Kg7
91. Rd7+ Kg6 92. Rd6+ Kg7 93. Rh6 Ra1 94. Kxf5 Ra5+ 95. Kf4 Ra4+ 96. Kg3 Ra3+
97. Kf2 Ra4 98. Rxh5 Ra6 1/2-1/2

[Event "Hastings Masters"]
[Site "Hastings"]
[Date "2024.01.04"]
[Round "8.2"]
[White "Gupta, Abhijeet"]
[Black "Sulskis, Sarunas"]
[Result "1-0"]
[WhiteElo "2596"]
[BlackElo "2490"]
[PlyCount "109"]
[EventDate "2023.12.28"]
[EventType "swiss"]
[EventRounds "9"]
[EventCountry "ENG"]
[SourceTitle "BritBase"]
[Source "John Saunders"]
[SourceDate "2024.01.08"]
[SourceVersion "1"]
[SourceVersionDate "2024.01.08"]
[SourceQuality "1"]

1. d4 Nf6 2. c4 e6 3. Nf3 d5 4. Nc3 c5 5. cxd5 cxd4 6. Qxd4 exd5 7. e4 Nc6 8.
Bb5 dxe4 9. Qxd8+ Kxd8 10. Ng5 Be6 11. Bxc6 bxc6 12. Nxe6+ fxe6 13. Ke2 Bb4 14.
Rd1+ Ke7 15. Na4 Rhd8 16. Rxd8 Rxd8 17. Be3 Rd5 18. Rc1 Ra5 19. b3 Kd7 20. Bc5
Nd5 21. Rc4 Bxc5 22. Nxc5+ Ke7 23. a4 Nb6 24. Rc1 Nd5 25. g3 h6 26. h4 Nb4 27.
Rc4 Nd3 28. Nxe4 Ne5 29. Rc2 Ra6 30. Nc5 Rb6 31. Rd2 g5 32. f4 gxf4 33. gxf4
Ng6 34. Rd7+ Kf6 35. Rxa7 Nxf4+ 36. Kf3 Rb4 37. Rb7 Rd4 38. a5 Nd3 39. Ne4+ Ke5
40. a6 Ne1+ 41. Kg3 Kxe4 42. a7 Rd3+ 43. Kg4 Rd5 44. Rb4+ Ke3 45. a8=Q Nd3 46.
Rc4 Rf5 47. Rc3 h5+ 48. Kg3 Rf3+ 49. Kg2 Rf2+ 50. Kg1 Rf4 51. Qxc6 e5 52. Rxd3+
Kxd3 53. Qd5+ Kc2 54. Qc5+ Kxb3 55. Qxe5 1-0

[Event "Hastings Masters"]
[Site "Hastings"]
[Date "2024.01.04"]
[Round "8.3"]
[White "Ghasi, Ameet K"]
[Black "Royal, Shreyas"]
[Result "1/2-1/2"]
[WhiteElo "2509"]
[BlackElo "2438"]
[PlyCount "113"]
[EventDate "2023.12.28"]
[EventType "swiss"]
[EventRounds "9"]
[EventCountry "ENG"]
[SourceTitle "BritBase"]
[Source "John Saunders"]
[SourceDate "2024.01.08"]
[SourceVersion "1"]
[SourceVersionDate "2024.01.08"]
[SourceQuality "1"]

1. Nf3 d5 2. g3 g6 3. Bg2 Bg7 4. d4 Nf6 5. O-O O-O 6. c4 c6 7. Nc3 dxc4 8. e4
b5 9. Qe2 a5 10. a4 b4 11. Nd1 Ba6 12. Re1 Ne8 13. Ne3 Nd7 14. e5 Nb6 15. h4
Nc7 16. h5 Qd7 17. Qc2 Rfd8 18. Rd1 Ne6 19. Qe4 c3 20. bxc3 Be2 21. Re1 Bxf3
22. Qxf3 bxc3 23. Nc2 Nd5 24. Rb1 Rac8 25. Qe2 Nb4 26. Nxb4 Nxd4 27. Qe4 axb4
28. Rxb4 c5 29. Rc4 c2 30. hxg6 hxg6 31. e6 Nxe6 32. Rxc2 Nd4 33. Ra2 e5 34. a5
f5 35. Qb7 e4 36. Qxd7 Rxd7 37. Be3 Ra8 38. Rb1 Rda7 39. Bd2 c4 40. Be1 Nb3 41.
Bf1 Nxa5 42. Bxa5 Rxa5 43. Bxc4+ Kh7 44. Rxa5 Rxa5 45. Rb6 Bd4 46. Rd6 Be5 47.
Ra6 Rxa6 48. Bxa6 g5 49. Bc8 Kg6 50. g4 fxg4 51. Bxg4 Bd4 52. Kg2 Kf6 53. Bc8
Ke5 54. Kg3 Bxf2+ 55. Kxf2 e3+ 56. Kxe3 g4 57. Bxg4 1/2-1/2

[Event "Hastings Masters"]
[Site "Hastings"]
[Date "2024.01.04"]
[Round "8.4"]
[White "Derakhshani, Borna"]
[Black "Edouard, Romain"]
[Result "1/2-1/2"]
[WhiteElo "2380"]
[BlackElo "2527"]
[PlyCount "90"]
[EventDate "2023.12.28"]
[EventType "swiss"]
[EventRounds "9"]
[EventCountry "ENG"]
[SourceTitle "BritBase"]
[Source "John Saunders"]
[SourceDate "2024.01.08"]
[SourceVersion "1"]
[SourceVersionDate "2024.01.08"]
[SourceQuality "1"]

1. e4 c5 2. Nf3 Nc6 3. d4 cxd4 4. Nxd4 e5 5. Nb5 d6 6. c4 Nf6 7. Bd3 a6 8. N5c3
g6 9. Nd5 Nxd5 10. exd5 Nd4 11. Na3 Bg7 12. Nc2 Nf5 13. Ne3 Ne7 14. O-O O-O 15.
f4 exf4 16. Rxf4 f5 17. Kh1 g5 18. Rf1 f4 19. Qh5 Ng6 20. Ng4 Bxg4 21. Qxg4 Ne5
22. Qh3 Nxd3 23. Qxd3 Qf6 24. Bd2 Qxb2 25. Rab1 Qd4 26. Qxd4 Bxd4 27. Rxb7 Rac8
28. Bb4 Rxc4 29. Bxd6 Rf5 30. Rb4 Rxb4 31. Bxb4 Kf7 32. Rd1 Bb6 33. h3 Re5 34.
Bc3 Re2 35. Rb1 Bc5 36. a4 Ke7 37. Bb4 Kd6 38. Bxc5+ Kxc5 39. Rb7 h5 40. Rg7
Re5 41. d6 Kc6 42. Kg1 a5 43. d7 Kc7 44. Kf2 h4 45. Kf1 Kd8 1/2-1/2

[Event "Hastings Masters"]
[Site "Hastings"]
[Date "2024.01.04"]
[Round "8.5"]
[White "Laurent-Paoli, Pierre"]
[Black "Petrov, Martin"]
[Result "1/2-1/2"]
[WhiteElo "2524"]
[BlackElo "2501"]
[PlyCount "116"]
[EventDate "2023.12.28"]
[EventType "swiss"]
[EventRounds "9"]
[EventCountry "ENG"]
[SourceTitle "BritBase"]
[Source "John Saunders"]
[SourceDate "2024.01.08"]
[SourceVersion "1"]
[SourceVersionDate "2024.01.08"]
[SourceQuality "1"]

1. d4 Nf6 2. c4 e6 3. Nf3 b6 4. g3 Bb4+ 5. Bd2 Be7 6. Nc3 Bb7 7. Bg2 c6 8. Bf4
d5 9. cxd5 Nxd5 10. Nxd5 cxd5 11. h4 Nc6 12. O-O Rc8 13. Qd3 h6 14. Rfc1 O-O
15. Bh3 Bd6 16. e3 Qe7 17. a3 Rc7 18. Rc3 Rfc8 19. Rac1 Nb8 20. Qd2 Rxc3 21.
Rxc3 Rxc3 22. Qxc3 Nd7 23. Bxd6 Qxd6 24. Ne5 Nf8 25. Bf1 f6 26. Nd3 g5 27. hxg5
hxg5 28. Bh3 Qc6 29. Qxc6 Bxc6 30. f4 Bb5 31. Ne1 Kf7 32. Kf2 Nh7 33. Nf3 Bd3
34. Nd2 Ke7 35. Bg2 g4 36. Bf1 Bxf1 37. Kxf1 Kd6 38. Ke2 f5 39. Kd3 Kc6 40. Kc3
Kb5 41. Kb3 Nf6 42. a4+ Kc6 43. Kc3 Ne8 44. b4 Nd6 45. Kd3 Kc7 46. Kc3 Nb7 47.
Nb3 Nd8 48. Nd2 Nc6 49. Nb3 Ne7 50. Nd2 Ng8 51. Kb3 Nf6 52. Kc3 Nh5 53. Nf1 Nf6
54. Nd2 b5 55. a5 Nh5 56. Nf1 Nf6 57. Nd2 Nh5 58. Nf1 Nf6 1/2-1/2

[Event "Hastings Masters"]
[Site "Hastings"]
[Date "2024.01.04"]
[Round "8.6"]
[White "Sengupta, Deep"]
[Black "Gallagher, Joseph G"]
[Result "1-0"]
[WhiteElo "2501"]
[BlackElo "2427"]
[PlyCount "65"]
[EventDate "2023.12.28"]
[EventType "swiss"]
[EventRounds "9"]
[EventCountry "ENG"]
[SourceTitle "BritBase"]
[Source "John Saunders"]
[SourceDate "2024.01.08"]
[SourceVersion "1"]
[SourceVersionDate "2024.01.08"]
[SourceQuality "1"]

1. e4 c5 2. Nf3 d6 3. d4 cxd4 4. Nxd4 Nf6 5. Nc3 a6 6. Rg1 b5 7. g4 Bb7 8. Bg2
e6 9. g5 Nfd7 10. f4 b4 11. Nce2 Nc5 12. Ng3 Nbd7 13. Qe2 Qc7 14. Be3 Na4 15.
O-O-O Ndb6 16. e5 Bxg2 17. Rxg2 dxe5 18. fxe5 Qxe5 19. Qf3 Nd5 20. Re2 Bc5 21.
Nh5 O-O 22. Bf4 Qxd4 23. Rxd4 Bxd4 24. Be5 Bxe5 25. Rxe5 Rfd8 26. Qg4 Nab6 27.
Nf6+ Kh8 28. Nxd5 Nxd5 29. h4 a5 30. h5 Ne7 31. h6 Ng6 32. Rc5 Ra7 33. Qd4 1-0

[Event "Hastings Masters"]
[Site "Hastings"]
[Date "2024.01.04"]
[Round "8.7"]
[White "Gasanov, Eldar"]
[Black "Vestby-Ellingsen, Mads"]
[Result "1-0"]
[WhiteElo "2487"]
[BlackElo "2329"]
[PlyCount "119"]
[EventDate "2023.12.28"]
[EventType "swiss"]
[EventRounds "9"]
[EventCountry "ENG"]
[SourceTitle "BritBase"]
[Source "John Saunders"]
[SourceDate "2024.01.08"]
[SourceVersion "1"]
[SourceVersionDate "2024.01.08"]
[SourceQuality "1"]

1. d4 d5 2. c4 c5 3. Nf3 cxd4 4. cxd5 Nf6 5. Qxd4 Qxd5 6. Nc3 Qxd4 7. Nxd4 a6
8. g3 Bd7 9. Bg2 e5 10. Nb3 Bc6 11. O-O Bxg2 12. Kxg2 Nbd7 13. Rd1 O-O-O 14.
Be3 Be7 15. Rac1 Kb8 16. Nd5 Nxd5 17. Rxd5 h6 18. Na5 Rhe8 19. a3 f6 20. Rd3
Nf8 21. Rb3 Rd7 22. Rc6 Ka8 23. Nc4 bxc6 24. Nb6+ Kb7 25. Nxd7+ Kc7 26. Nxf8
Bxf8 27. Bb6+ Kc8 28. Ba5 Re6 29. Rd3 Be7 30. e4 c5 31. Kf3 h5 32. Ke3 Rc6 33.
Rd5 Bd6 34. f4 Kd7 35. Bc3 Ke6 36. f5+ Ke7 37. Ba5 Rc8 38. Kd3 Rb8 39. Bc3 Kd7
40. Kc4 Kc6 41. Rd2 Be7 42. b3 Rc8 43. Rd3 Rb8 44. Be1 Bd6 45. Bf2 Be7 46. Rd5
Rb5 47. h3 Bd6 48. g4 hxg4 49. hxg4 Be7 50. g5 a5 51. g6 Rb8 52. Bxc5 Bd8 53.
Bf8 Ra8 54. Rd6+ Kc7 55. Re6 Kd7 56. Bxg7 Rc8+ 57. Kd3 Rb8 58. Bxf6 Rxb3+ 59.
Kc4 Re3 60. Bxd8 1-0

[Event "Hastings Masters"]
[Site "Hastings"]
[Date "2024.01.04"]
[Round "8.8"]
[White "Brown, Tom"]
[Black "Lagarde, Maxime"]
[Result "0-1"]
[WhiteElo "2095"]
[BlackElo "2640"]
[PlyCount "40"]
[EventDate "2023.12.28"]
[EventType "swiss"]
[EventRounds "9"]
[EventCountry "ENG"]
[SourceTitle "BritBase"]
[Source "John Saunders"]
[SourceDate "2024.01.08"]
[SourceVersion "1"]
[SourceVersionDate "2024.01.08"]
[SourceQuality "1"]

1. d4 Nf6 2. c4 e6 3. Nc3 Bb4 4. a3 Bxc3+ 5. bxc3 b6 6. f3 Nc6 7. e4 d6 8. Bd3
Na5 9. Bg5 h6 10. Bh4 Ba6 11. Qe2 Qd7 12. a4 O-O-O 13. Bxf6 gxf6 14. Nh3 e5 15.
c5 Bxd3 16. Qxd3 dxc5 17. d5 c4 18. Qc2 Rhg8 19. Kf1 Nb3 20. Nf2 Nxa1 0-1

[Event "Hastings Masters"]
[Site "Hastings"]
[Date "2024.01.04"]
[Round "8.12"]
[White "Hobson, Kenneth"]
[Black "Mikhalevski, Victor"]
[Result "0-1"]
[WhiteElo "2130"]
[BlackElo "2524"]
[PlyCount "116"]
[EventDate "2023.12.28"]
[EventType "swiss"]
[EventRounds "9"]
[EventCountry "ENG"]
[SourceTitle "BritBase"]
[Source "John Saunders"]
[SourceDate "2024.01.08"]
[SourceVersion "1"]
[SourceVersionDate "2024.01.08"]
[SourceQuality "1"]

1. e4 c5 2. Nf3 e6 3. b3 Nc6 4. Bb2 b6 5. g3 Bb7 6. Bg2 d5 7. exd5 Qxd5 8. Nc3
Qd7 9. O-O Nf6 10. Re1 Be7 11. d3 O-O 12. Ne4 Nd4 13. Ne5 Qc7 14. f4 Rad8 15.
Bxd4 cxd4 16. Nxf6+ Bxf6 17. Bxb7 Qxb7 18. Qf3 Qc7 19. Rac1 Rd5 20. Ng4 Be7 21.
Re2 b5 22. Qe4 Rfd8 23. Rf1 g6 24. Ne5 Bf6 25. h4 Bg7 26. Nf3 Kf8 27. Rh2 Rc5
28. Rff2 Qc6 29. Rd2 Rc3 30. Rhf2 Rd5 31. Ne5 Rxe5 32. fxe5 Qxe4 33. dxe4 Rxg3+
34. Rg2 Rh3 35. Rxd4 Bxe5 36. Rd8+ Kg7 37. Re2 b4 38. Rd7 Rxh4 39. Kg2 Rg4+ 40.
Kh1 Rh4+ 41. Kg2 g5 42. Rxa7 g4 43. Ra5 Rh2+ 44. Kf1 Rh1+ 45. Kg2 Rh2+ 46. Kf1
Rxe2 47. Kxe2 Kf6 48. a4 bxa3 49. Rxa3 h5 50. Ra8 Kg5 51. Rg8+ Kf4 52. Rf8 f5
53. exf5 exf5 54. Kf2 h4 55. Kg2 h3+ 56. Kh2 Ke4+ 57. Kh1 g3 58. Re8 f4 0-1

[Event "Hastings Masters"]
[Site "Hastings"]
[Date "2024.01.04"]
[Round "8.45"]
[White "Han, Qixuan"]
[Black "Ruane, Brendan J"]
[Result "1/2-1/2"]
[WhiteElo "1603"]
[BlackElo "1823"]
[PlyCount "33"]
[EventDate "2023.12.28"]
[EventType "swiss"]
[EventRounds "9"]
[EventCountry "ENG"]
[SourceTitle "BritBase"]
[Source "John Saunders"]
[SourceDate "2024.01.08"]
[SourceVersion "1"]
[SourceVersionDate "2024.01.08"]
[SourceQuality "1"]

1. b3 b6 2. e4 Bb7 3. Nc3 Nf6 4. e5 Nd5 5. Nxd5 Bxd5 6. c4 Bb7 7. d4 e6 8. a3
d5 9. Nf3 c5 10. cxd5 Qxd5 11. Bb5+ Nc6 12. Bc4 Qe4+ 13. Be3 cxd4 14. Bd3 Qg4
15. h3 Qxg2 16. Rg1 Qxh3 17. Rg3 1/2-1/2

[Event "Hastings Masters"]
[Site "Hastings"]
[Date "2024.01.04"]
[Round "8.46"]
[White "Prudent, Sylvio"]
[Black "Norinkeviciute, Rasa"]
[Result "0-1"]
[WhiteElo "1639"]
[BlackElo "1905"]
[PlyCount "74"]
[EventDate "2023.12.28"]
[EventType "swiss"]
[EventRounds "9"]
[EventCountry "ENG"]
[SourceTitle "BritBase"]
[Source "John Saunders"]
[SourceDate "2024.01.08"]
[SourceVersion "1"]
[SourceVersionDate "2024.01.08"]
[SourceQuality "1"]

1. b3 Nf6 2. Bb2 c5 3. e3 e6 4. f4 b6 5. Nf3 Bb7 6. Bd3 d6 7. O-O Nbd7 8. Qe1
Qc7 9. Nc3 a6 10. Ng5 d5 11. Qh4 Be7 12. Qh3 Qc6 13. a4 Bd6 14. e4 d4 15. Ne2
Be7 16. e5 Nd5 17. c4 Nxf4 18. Rxf4 Bxg5 19. Be4 Qc7 20. Bxb7 Qxb7 21. Rxf7
Kxf7 22. Qh5+ Kg8 23. Qxg5 Qe4 24. Nf4 Qxe5 25. Qe7 Rf8 26. Nxe6 Rf7 27. Qd8+
Nf8 28. Ng5 Rf5 29. Nf3 Qf6 30. Qa8 a5 31. Re1 h6 32. d3 Kh7 33. Qe4 Ng6 34. h4
Rf4 35. Qd5 Nxh4 36. Nxh4 Qxh4 37. Re2 Rhf8 0-1

[Event "Hastings Masters"]
[Site "Hastings"]
[Date "2024.01.05"]
[Round "9.1"]
[White "Jacobson, Brandon"]
[Black "Gupta, Abhijeet"]
[Result "0-1"]
[WhiteElo "2538"]
[BlackElo "2596"]
[PlyCount "86"]
[EventDate "2023.12.28"]
[EventType "swiss"]
[EventRounds "9"]
[EventCountry "ENG"]
[SourceTitle "BritBase"]
[Source "John Saunders"]
[SourceDate "2024.01.08"]
[SourceVersion "1"]
[SourceVersionDate "2024.01.08"]
[SourceQuality "1"]

1. Nf3 d5 2. d4 Nf6 3. c4 c6 4. e3 Bf5 5. Nc3 e6 6. Nh4 Bg6 7. Bd2 Be7 8. Nxg6
hxg6 9. Qb3 Qc7 10. O-O-O a6 11. c5 Nbd7 12. Na4 Rb8 13. Kb1 Ne4 14. Be1 b5 15.
cxb6 Nxb6 16. Ka1 Nxa4 17. Qxa4 Qb6 18. Rb1 O-O 19. Bd3 Nd6 20. h4 Rfc8 21. Ba5
Qb7 22. h5 g5 23. Qc2 c5 24. h6 cxd4 25. Bh7+ Kf8 26. hxg7+ Kxg7 27. Qd1 Rh8
28. Bd3 Rxh1 29. Qxh1 Rh8 30. Qc1 Nc4 31. Bxc4 dxc4 32. Qxc4 Bf6 33. g4 Rh1 34.
Qb4 Rxb1+ 35. Kxb1 Qe4+ 36. Kc1 Qc6+ 37. Kb1 Qe4+ 38. Kc1 Qxg4 39. exd4 Bxd4
40. Kd2 Qf4+ 41. Kd3 e5 42. Qd2 e4+ 43. Kc2 Qxf2 0-1

[Event "Hastings Masters"]
[Site "Hastings"]
[Date "2024.01.05"]
[Round "9.2"]
[White "Zhang, Pengxiang"]
[Black "Sengupta, Deep"]
[Result "1/2-1/2"]
[WhiteElo "2558"]
[BlackElo "2501"]
[PlyCount "51"]
[EventDate "2023.12.28"]
[EventType "swiss"]
[EventRounds "9"]
[EventCountry "ENG"]
[SourceTitle "BritBase"]
[Source "John Saunders"]
[SourceDate "2024.01.08"]
[SourceVersion "1"]
[SourceVersionDate "2024.01.08"]
[SourceQuality "1"]

1. e4 e6 2. d4 d5 3. Nc3 Bb4 4. e5 c5 5. a3 Bxc3+ 6. bxc3 Nc6 7. Qg4 g6 8. Nf3
Bd7 9. dxc5 Qa5 10. Bd2 O-O-O 11. Qh4 h6 12. Bd3 g5 13. Nxg5 Nxe5 14. O-O f6
15. Nh3 Nxd3 16. cxd3 e5 17. d4 Qa4 18. Rab1 Ne7 19. Rb4 Qc2 20. Rfb1 Qxd2 21.
Rxb7 Bf5 22. Rb8+ Kd7 23. R8b7+ Kc8 24. Rb8+ Kd7 25. R8b7+ Kc8 26. Rb8+ 1/2-1/2

[Event "Hastings Masters"]
[Site "Hastings"]
[Date "2024.01.05"]
[Round "9.3"]
[White "Royal, Shreyas"]
[Black "Gasanov, Eldar"]
[Result "1/2-1/2"]
[WhiteElo "2438"]
[BlackElo "2487"]
[PlyCount "89"]
[EventDate "2023.12.28"]
[EventType "swiss"]
[EventRounds "9"]
[EventCountry "ENG"]
[SourceTitle "BritBase"]
[Source "John Saunders"]
[SourceDate "2024.01.08"]
[SourceVersion "1"]
[SourceVersionDate "2024.01.08"]
[SourceQuality "1"]

1. d4 d5 2. c4 e6 3. Nc3 c6 4. e3 Nf6 5. Nf3 Nbd7 6. Qc2 Bd6 7. Be2 O-O 8. O-O
dxc4 9. Bxc4 b5 10. Bd3 Bb7 11. e4 e5 12. Rd1 Qc7 13. h3 a6 14. dxe5 Nxe5 15.
Nxe5 Bxe5 16. a4 Rad8 17. Be3 Rfe8 18. Rac1 Qe7 19. Ne2 h6 20. f4 Bb8 21. Bb6
Rc8 22. Bc5 Qc7 23. e5 Nd5 24. Rf1 Rcd8 25. Rf3 f6 26. exf6 Nxf6 27. Bg6 Re7
28. Nd4 Nd5 29. Bxe7 Qxe7 30. Ne2 c5 31. Rd1 Nb4 32. Rxd8+ Qxd8 33. Qxc5 Bxf3
34. gxf3 Bd6 35. Qf5 bxa4 36. Qf7+ Kh8 37. Be4 Qf6 38. Qe8+ Bf8 39. Kg2 Kg8 40.
Kg3 Qxb2 41. Qe6+ Kh8 42. Qg6 Kg8 43. Qe6+ Kh8 44. Qg6 Kg8 45. Qe6+ 1/2-1/2

[Event "Hastings Masters"]
[Site "Hastings"]
[Date "2024.01.05"]
[Round "9.4"]
[White "Lagarde, Maxime"]
[Black "Fischer, Daniel"]
[Result "1-0"]
[WhiteElo "2640"]
[BlackElo "2341"]
[PlyCount "93"]
[EventDate "2023.12.28"]
[EventType "swiss"]
[EventRounds "9"]
[EventCountry "ENG"]
[SourceTitle "BritBase"]
[Source "John Saunders"]
[SourceDate "2024.01.08"]
[SourceVersion "1"]
[SourceVersionDate "2024.01.08"]
[SourceQuality "1"]

1. c4 e5 2. g3 Nf6 3. Bg2 d5 4. cxd5 Nxd5 5. Nf3 Nc6 6. O-O Nb6 7. b3 Bd6 8.
Bb2 O-O 9. d3 Re8 10. Nc3 Bf8 11. Rc1 Nd4 12. Nd2 c6 13. e3 Ne6 14. Nf3 Ng5 15.
Ne1 Bh3 16. f4 exf4 17. gxf4 Bxg2 18. Nxg2 Ne6 19. Ne4 f5 20. Ng3 g6 21. Be5
Nd7 22. d4 Nxe5 23. fxe5 Bh6 24. Ne2 Qd5 25. Nc3 Qd7 26. Qd3 Rad8 27. Rcd1 Kh8
28. Qe2 Rf8 29. Qf3 Kg7 30. Qg3 Qe7 31. Kh1 Qg5 32. Nf4 Rfe8 33. Qf2 Qe7 34.
Nd3 Rf8 35. Qg3 Rd7 36. b4 f4 37. exf4 Nxd4 38. Nc5 Rdd8 39. Rxd4 Rxd4 40. f5
Kg8 41. f6 Qc7 42. e6 Bf4 43. e7 Bxg3 44. f7+ Rxf7 45. e8=Q+ Kg7 46. Ne6+ Kh6
47. Rxf7 1-0

[Event "Hastings Masters"]
[Site "Hastings"]
[Date "2024.01.05"]
[Round "9.5"]
[White "Edouard, Romain"]
[Black "Willow, Jonah B"]
[Result "1-0"]
[WhiteElo "2527"]
[BlackElo "2427"]
[PlyCount "55"]
[EventDate "2023.12.28"]
[EventType "swiss"]
[EventRounds "9"]
[EventCountry "ENG"]
[SourceTitle "BritBase"]
[Source "John Saunders"]
[SourceDate "2024.01.08"]
[SourceVersion "1"]
[SourceVersionDate "2024.01.08"]
[SourceQuality "1"]

1. Nf3 d5 2. g3 Nc6 3. d4 Bf5 4. Bg2 e6 5. c4 Nb4 6. O-O Nc2 7. cxd5 Nxa1 8. e4
Bxe4 9. dxe6 fxe6 10. Nc3 Bxf3 11. Bxf3 Nf6 12. Bxb7 Rb8 13. Bc6+ Kf7 14. Bf4
Bd6 15. Bg5 h6 16. Bxf6 Qxf6 17. d5 g6 18. Ne4 Qxb2 19. dxe6+ Ke7 20. Nxd6 cxd6
21. Qa4 a6 22. Qxa6 Qd4 23. Bf3 Kxe6 24. Re1+ Kf6 25. Rd1 Rb6 26. Qa7 Qc5 27.
Bd5 Rf8 28. Re1 1-0

[Event "Hastings Masters"]
[Site "Hastings"]
[Date "2024.01.05"]
[Round "9.6"]
[White "Sulskis, Sarunas"]
[Black "Laurent-Paoli, Pierre"]
[Result "0-1"]
[WhiteElo "2490"]
[BlackElo "2524"]
[PlyCount "114"]
[EventDate "2023.12.28"]
[EventType "swiss"]
[EventRounds "9"]
[EventCountry "ENG"]
[SourceTitle "BritBase"]
[Source "John Saunders"]
[SourceDate "2024.01.08"]
[SourceVersion "1"]
[SourceVersionDate "2024.01.08"]
[SourceQuality "1"]

1. e4 c5 2. Nc3 Nc6 3. f4 e6 4. Nf3 Nh6 5. h3 Be7 6. g3 d5 7. d3 O-O 8. Bg2 b5
9. O-O b4 10. exd5 exd5 11. Na4 Qa5 12. b3 Bf6 13. Ne5 Qc7 14. Qf3 Nxe5 15.
fxe5 Bxe5 16. Bf4 Be6 17. Rae1 Bd4+ 18. Kh2 Qd8 19. g4 Qh4 20. Bg3 Qg5 21. Qf4
Qxf4 22. Bxf4 Rac8 23. Kg3 Rfd8 24. Be5 Kh8 25. Bxd4 cxd4 26. Re2 Ng8 27. Rf4
Ne7 28. Rxd4 Nc6 29. Rf4 g5 30. Rff2 Nd4 31. Re5 h6 32. h4 gxh4+ 33. Kxh4 Kg7
34. Rf4 Rxc2 35. Rxd4 Rxg2 36. Nc5 Kf6 37. Re1 a5 38. Rf4+ Ke7 39. a3 bxa3 40.
Ra4 Rg8 41. Kh3 Rd2 42. Rxa5 h5 43. Ra7+ Kf6 44. Ra6 Rxg4 45. Nxe6 Rxd3+ 46.
Kh2 fxe6 47. Rexe6+ Kg5 48. Rg6+ Kh4 49. Rxg4+ hxg4 50. Rxa3 Rd2+ 51. Kg1 Kh3
52. Ra8 Rb2 53. Kf1 Rxb3 54. Rg8 Kg3 55. Ke2 d4 56. Rd8 Kg2 57. Rxd4 g3 0-1

[Event "Hastings Masters"]
[Site "Hastings"]
[Date "2024.01.05"]
[Round "9.7"]
[White "Wadsworth, Matthew J"]
[Black "Ghasi, Ameet K"]
[Result "0-1"]
[WhiteElo "2448"]
[BlackElo "2509"]
[PlyCount "124"]
[EventDate "2023.12.28"]
[EventType "swiss"]
[EventRounds "9"]
[EventCountry "ENG"]
[SourceTitle "BritBase"]
[Source "John Saunders"]
[SourceDate "2024.01.08"]
[SourceVersion "1"]
[SourceVersionDate "2024.01.08"]
[SourceQuality "1"]

1. d4 Nf6 2. c4 g6 3. Nf3 Bg7 4. g3 O-O 5. Bg2 d6 6. Nc3 Nbd7 7. O-O e5 8. e4
exd4 9. Nxd4 Nc5 10. h3 Re8 11. Re1 h6 12. Rb1 a5 13. b3 c6 14. Bf4 Nh7 15. Qd2
Ng5 16. h4 Bxd4 17. hxg5 hxg5 18. Qxd4 gxf4 19. gxf4 Qh4 20. Qe3 a4 21. b4 Ne6
22. Ne2 Ng7 23. Qg3 Qf6 24. Red1 Nh5 25. Qg5 Qxg5 26. fxg5 Bg4 27. f3 Be6 28.
Rbc1 a3 29. Nd4 Ra4 30. Nxe6 fxe6 31. Rb1 Rd8 32. Bf1 Kf8 33. Kf2 Ke7 34. Ke3
e5 35. Bd3 Raa8 36. Rh1 Rh8 37. Rh2 Nf4 38. Rbh1 Rh5 39. c5 Rd8 40. Bc4 dxc5
41. bxc5 Rd4 42. Be2 Rb4 43. Rxh5 gxh5 44. Rg1 Rb2 45. Bf1 Kf8 46. g6 Kg7 47.
Rg5 Rxa2 48. Rxe5 Nxg6 49. Rxh5 Ra1 50. Bc4 a2 51. Bxa2 Rxa2 52. Rh1 Ra3+ 53.
Kf2 Ne5 54. Rh5 Kf6 55. Rf5+ Ke6 56. Ke2 Rc3 57. Rf8 Nd7 58. Re8+ Kf7 59. Rh8
Nxc5 60. e5 Ne6 61. Rh7+ Kg6 62. Rxb7 Kf5 0-1